| 000 | 00486nmm a2200145Ia 4500 | ||
|---|---|---|---|
| 008 | 251105s9999||||xx |||||||||||||||||und|| | ||
| 041 | _aspa | ||
| 100 | _aQuiñones Aguilar, Ana Cielo | ||
| 245 | 0 | _aMundos de creación de los pueblos indígenas de América Latina | |
| 264 |
_a[Bogotá, Colombia] : _bEditorial Pontificia Universidad Javeriana, _c2020 |
||
| 300 | _a396 páginas | ||
| 650 | _aAnthropology | ||
| 856 | _uhttps://public.digitaliapublishing.com/a/82967 | ||
| 942 | _cCF | ||
| 999 |
_c106832 _d106832 |
||